Nationalités avec le plus de victoire en Formule 1 - Statistiques

Statistiques générales
  • Ce quiz a été pris 74 fois
  • Le résultat moyen est 19 sur 23
Statistiques - réponses
Nombre de victoire Pays % Correct
81 France
100%
316 Royaume-Uni
100%
179 Allemagne
99%
101 Brésil
99%
43 Italie
99%
71 Pays-Bas
97%
38 Argentine
94%
17 Canada
94%
33 Espagne
94%
33 États-Unis
91%
8 Mexique
88%
45 Australie
87%
57 Finlande
84%
11 Belgique
81%
7 Suisse
81%
1 Pologne
79%
12 Suède
78%
41 Autriche
76%
7 Monaco
74%
12 Nouvelle-Zélande
62%
7 Colombie
59%
10 Afrique du Sud
57%
1 Venezuela
40%
Aucun quiz correspondant
Distribution des résultats
% des personnes avec chaque résultat
Percentile par nombre de réponses
Votre historique - résultats
Vous n’avez pas pris ce quiz